Culture Générale - Série 2587 - Statistiques

Statistiques générales
  • Ce quiz a été pris 145 fois
  • Le résultat moyen est 6 sur 10
Statistiques - réponses
Question Réponse % Correct
Quel est le féminin de "malin" ? maligne
95%
Premier producteur mondial de thé Chine
92%
Le Kabuki est une forme de théâtre traditionnel originaire de ----- Japon
71%
Quel est le prénom de l'auteur de la publication "L'origine des espèces" en 1859 ? Charles
70%
Dans quel pays se trouve le canal de Corinthe, long de 6 km ? Grèce
65%
Quelle soeur Brontë est l'auteur de "Les hauts de Hurlevent" ? Emily
54%
A qui Charles de Gaulle a-t-il succédé en tant que Président de la République ? prénom et nom René Coty
52%
Quelle soeur Brontë est l'auteur de "Jane Eyre" ? Charlotte
36%
Sur quel hippodrome se déroule chaque année "Le Prix de Diane" ? Chantilly
24%
Quelle soeur Brontë est l'auteur de "Agnès Grey" ? Anne
19%
Aucun quiz correspondant
Distribution des résultats
% des personnes avec chaque résultat
Percentile par nombre de réponses
Votre historique - résultats
Vous n’avez pas pris ce quiz